Scrambled Fruits & Veggies - Statistics

General Stats
  • This quiz has been taken 255 times
  • The average score is 8 of 15
Answer Stats
Hint Answer % Correct
papneipel pineapple
97%
oamtto tomato
89%
ekel leek
88%
shidar radish
74%
toprica apricot
71%
nippmuk pumpkin
63%
weeydonh lemon honeydew melon
59%
spyarbrer raspberry
52%
momsnersip persimmon
34%
ozanagbr nabe garbanzo bean
29%
aaulugr arugula
28%
aagbatru rutabaga
24%
tasgthpie aushsq spaghetti squash
22%
paancuoetl cantaloupe
21%
turcarn currant
15%
No matching quizzes found
Score Distribution
Percent of People with Each Score
Percentile by Number Answered
Your Score History
You have not taken this quiz